| 000 | 01619nam a2200325 a 4500 | ||
|---|---|---|---|
| 001 | 000027982 | ||
| 003 | DO-SdBNP | ||
| 005 | 20240613085746.0 | ||
| 006 | a||||gr|||| 00| 0 | ||
| 007 | ta | ||
| 008 | 110406s1988 dr ac r 000 | spa d | ||
| 040 |
_aDO-SdBNP _bspa _cBNPHU _erda |
||
| 082 | 4 |
_a972.9304 _bV422m _222 |
|
| 100 | 1 |
_aVega, Bernardo, _d1938 - _93222 _eautor |
|
| 245 | 1 | 0 |
_aMás imágenes del ayer / _cBernardo Vega; presentación, George Arzeno Brugal. |
| 264 |
_aSanto Domingo : _bCentenario de Brugal &Co. C. por A. _c1988. |
||
| 300 |
_a239 páginas : _bilustraciones, retratos ; _c28 cm. |
||
| 336 |
_2rdacontent _atexto _btxt |
||
| 337 |
_2rdamedia _asin mediación _bn |
||
| 338 |
_2rdacarrier _avolumen _bnc |
||
| 490 | 1 | _aCentenario | |
| 500 | _aIncluye datos biográficos del autor en la contracubierta. | ||
| 500 | _aIncluye pie de fotos. | ||
| 500 | _aIncluye abreviaturas. | ||
| 504 | _aBiblioigrafía de fotografías: 231 - 239 | ||
| 505 |
_aIntroducción. _tDesde la Muerte de Lilis (julio 1899).-- _tEl Gobierno de Ramón (Mon) Céceres (diciembre 1905- noviembre 1911).-- _tLos Gobiernos de Victoira y Bordas y la Pérdida de la Soberanía Nacional (noviembre 1911 -mayo 1916).-- _tLa Ocupación Militar Norteamericana (julio 1916 - agosto 1924.-- _tEl Gobierno de Horacio Vásquez (julio 1924- febrero 1930).-- _tInformantes.-- _tAbreviaturas.-- _tLugares donde fueron ubicadas las publicaciones de donde se extrajeron las fotografías.-- _tFuen tes de la fotografías. |
||
| 590 | _aInventariado, 2024 / MF | ||
| 700 | 2 |
_aArzeno Brugal, George, _958864 _epresentación |
|
| 942 |
_2ddc _cLBS1 |
||
| 999 |
_c27474 _d27474 |
||